|
|
|
|
| LEADER |
00940nab a2200277 i 4500 |
| 001 |
publ17765 |
| 005 |
20260128102629.0 |
| 008 |
200106s2017 hu o 000 hun d |
| 022 |
|
|
|a 2063-9481
|
| 024 |
7 |
|
|a 3415873
|2 mtmt
|
| 040 |
|
|
|a SZTE Publicatio Repozitórium
|b hun
|
| 041 |
|
|
|a hun
|
| 100 |
1 |
|
|a Besenyi Zsuzsanna
|
| 245 |
1 |
0 |
|a Tumortérfogat meghatározása fej-nyaki daganatokban 18F-FDG-PET/CT vizsgálattal
|h [elektronikus dokumentum] /
|c Besenyi Zsuzsanna
|
| 260 |
|
|
|c 2017
|
| 300 |
|
|
|a 12
|
| 490 |
0 |
|
|a MAGYAR RADIOLÓGIA ONLINE
|v 8 No. 2
|
| 700 |
0 |
1 |
|a Hideghéty Katalin
|e aut
|
| 700 |
0 |
1 |
|a Lengyel Zsolt
|e aut
|
| 700 |
0 |
1 |
|a Urbán Szabolcs
|e aut
|
| 700 |
0 |
1 |
|a Bakos Annamária
|e aut
|
| 700 |
0 |
1 |
|a Farkas István
|e aut
|
| 700 |
0 |
1 |
|a Sipka Gábor
|e aut
|
| 700 |
0 |
1 |
|a Séra Teréz Emese
|e aut
|
| 700 |
0 |
1 |
|a Pávics László
|e aut
|
| 856 |
4 |
0 |
|u http://publicatio.bibl.u-szeged.hu/17765/1/Besenyi-mro1702-szerzoknek.pdf
|z Dokumentum-elérés
|